000 00939nam a2200265Ia 4500
003 OSt
005 20220923211227.0
006 a|||||r|||| 00| 0
007 ta
008 220922b |||||||| |||| 00| 0 san d
020 _a9788170804093 (hbk)
_c425
024 _a274,770
037 _b139, 04/09/2013, Eastern Book Linkers
_cTextual
040 _aARTS
_cARTS
_bsan
041 _2san
_asan
082 _aQ222:2394, 152Q3
100 _aनारायण, कपिलदेव, संपा.
245 0 _aविश्रामित्रसंहिता
246 _aVishrāmitrasanhitā
260 _aवाराणसी
_b चौखम्बा संस्कृत
_c2013
300 _a472पृ0
_ccm.
650 _aधर्म
942 _hQ222:2394, 152Q3
_cTEXL
_2CC
999 _c297268
_d297268